004540000a220008500045001000030000002450011000303000036000415200249000777730042003261 aPatiño Grajales, Pablo.10aEl 7pm ano.21 ( Enero, 2010), pag.77-79 a"7pm" es la abreviatura del Séptimo Programa Marco de investigación y desarrollo tecnológico. Se trata del principal instrumento de la unión europea para financiar la investigación en Europa que inició en 2007 y durará hasta 2013.0 tObservar: informe de coyuntura social